Macro Economics/ (Record no. 166909)

MARC details
000 -LEADER
fixed length control field 00624nam a22001817a 4500
010 ## - LCCN (DPL NO)
LC control number ENG-126180
020 ## - INTERNATIONAL STANDARD BOOK NUMBER
Terms of availability 225.00
International Standard Book Number 978-93-87253-52-0
035 ## - SYSTEM CONTROL NUMBER
System control number EN-109712
037 ## - SOURCE OF ACQUISITION
Source of stock number/acquisition DBAD/PUB
082 ## - DEWEY DECIMAL CLASSIFICATION NUMBER
Classification number 339
100 ## - MAIN ENTRY--PERSONAL NAME
Personal name Chaturvedi,D.D.
245 ## - TITLE STATEMENT
Title Macro Economics/
Statement of responsibility, etc by D.D. Chaturvedi
260 ## - PUBLICATION, DISTRIBUTION, ETC. (IMPRINT)
Place of publication, distribution, etc New Delhi
Name of publisher, distributor, etc Kitab Mahal Publishers
Date of publication, distribution, etc 2019
270 ## - ADDRESS
Address 8,Hari Sadan,(G.F.) 20,Ansari Road,Daryaganj
City New Delhi
Postal code 110002
Telephone number 23273230,9810669341
Electronic mail address kitab_mahal@hotmail.com
Fax number 011-23289285
300 ## - PHYSICAL DESCRIPTION
Extent 286p.
Dimensions 21cm(pbk)
Other physical details ill
500 ## - GENERAL NOTE
General note its includes Index and Bibliography
942 ## - ADDED ENTRY ELEMENTS (KOHA)
Source of classification or shelving scheme Dewey Decimal Classification
Item type English Books
Classification part 339
Call number suffix CHA
Holdings
Withdrawn status Lost status Not for loan Collection code Home library Current library Date acquired Source of acquisition Cost, normal purchase price Full call number Barcode Copy number Cost, replacement price Koha item type
      Non-fiction Andrews Gunj Andrews Gunj 14/08/2019 DBAD/PUB 225.00 339 CHA EN-109712 1 225.00 English Books

© Delhi Public Library
Hit Counter
free hit counter